| 000 | 01872nam a2200397 c 4500 | ||
|---|---|---|---|
| 003 | BLK | ||
| 005 | 20210315151521.0 | ||
| 008 | 180408b bul|||||r ||||||| ||bul|| | ||
| 010 | _aKNG00081835000 | ||
| 020 |
_a978-954-577-390-7 _bиздат.: Унив. изд. Епископ Константин Преславски |
||
| 040 | _aBLK | ||
| 041 |
_aBUL _cBUL |
||
| 080 |
_aРимокатолическа църква _b282 _x(497.2)(091) _z282(497.2)(091) |
||
| 080 |
_aБългарска православна църква _b281.962 _x(091) _z281.962(091) |
||
| 100 | 1 |
_aВаташки, Атанас Руменов _9284153 |
|
| 139 |
_aВаташки, Румен Атанасов _bВ 28 |
||
| 245 | 1 | 0 |
_aБългарската православна църква и римокатолическите мисии в България 1860 - 30-те години на ХХ век _bЦърковно-ист. изследване _cРумен Атанасов Ваташки. |
| 250 | _a2. доп. и прераб. изд. | ||
| 257 | _aBGR | ||
| 260 |
_аШумен _bУнив. изд. Епископ Константин Преславски _c2007 |
||
| 300 |
_a516 с. _c24 см |
||
| 380 | _a2 | ||
| 500 | _a1. изд. 2005. - Библиогр. с. 392-455 ; Именен показалец, геогр. показалец. | ||
| 504 | _a392-455 | ||
| 650 | 4 |
_aКатолическа църква - пропаганда _9278902 |
|
| 650 | 4 |
_aИзточноправославна църква - България _9270106 |
|
| 651 | 4 |
_aБългария _9241624 |
|
| 653 | _aкатолическа църква | ||
| 653 | _aправославна църква | ||
| 653 | _aистория | ||
| 852 | _aЦб 238654 | ||
| 856 | 4 |
_qpdf _u |
|
| 856 | 4 |
_qpdf _u |
|
| 942 |
_cKNG _n0 _01 |
||
| 944 |
_aCR _c26.02.2008 _kНаталия_Медовщикова |
||
| 944 |
_aED _c13.01.2009 _k |
||
| 999 |
_c77380 _d77380 |
||